Encuesta de consumo energético en el sector transporte
Shranjeno v:
| Glavni avtor: | |
|---|---|
| Format: | Knjiga |
| Jezik: | Spanish |
| Izdano: |
San José, C.R. : Dirección Sectorial de Energía
1985.
|
| Teme: | |
| Oznake: |
Označite
Brez oznak, prvi označite!
|
MARC
| LEADER | 00000nam a2200000Ia 4500 | ||
|---|---|---|---|
| 003 | L000620 | ||
| 005 | 20221231143935.0 | ||
| 008 | 140114s1985 cr a 000 ||spa d | ||
| 040 | |c cru CEDI | ||
| 082 | |a 333.79 H557e | ||
| 100 | |a Hernández Carrillo, Alexandra |9 15436 | ||
| 245 | |a Encuesta de consumo energético en el sector transporte | ||
| 260 | |a San José, C.R. : Dirección Sectorial de Energía |c 1985. | ||
| 300 | |a 68 páginas : ilustraciones ; 27 cm | ||
| 651 | |x CONSUMO DE ENERGIA |9 20569 | ||
| 942 | |2 ddc |c BK | ||
| 999 | |c 14531 |d 14531 | ||
